000 00712nam a22002057a 4500
999 _c18518
_d18518
003 BDDh-ASL
005 20231015025718.0
008 201012s1993 i ||||| |||| 00| 0 eng d
020 _a8185618216
040 _aBDDh-ASL
_cBDDh-ASL
082 _a954
_bTON
100 1 _91354
_aTomlinson, B. R.
245 1 4 _aThe New Cambridge History of India, Vol-3:
_bthe Economy of Modern India 1860-1970/
_cby B. R. Tomlinson.
260 _aNew Delhi:
_bCambridge University Press,
_c1993.
300 _av-3, xvii, 235 p. :
_c23 cm.
504 _aIncludes bibliographical references and index.
650 0 _91349
_aHistory
650 0 _9960
_aIndian History
_xPolitics and Government
_xEconomy
_zIndia
942 _2ddc
_cBK